| 000 | 00850nac a22002051u 4500 | ||
|---|---|---|---|
| 008 | 100411t xxu||||| |||| 00| 0 eng d | ||
| 020 | _a0883453487 | ||
| 082 |
_a660.2 _bHUG _222 |
||
| 100 |
_aHughson, Roy V. _913394 |
||
| 245 |
_aThe Language of Chemical Engineering in English / _cRoy V. Hughson. |
||
| 260 |
_aNew York : _bRegents Pub. Co,1979 _c1979. |
||
| 300 |
_a109 p. : _bill. ; _c23 cm |
||
| 490 | _aEnglish for careers | ||
| 500 | _aIncludes index | ||
| 650 |
_aEnglish language _vTextbooks for foreign speakers _913395 |
||
| 650 |
_aChemical engineering _xTerminology _913396 |
||
| 650 |
_aEnglish language _xTechnical English. _913397 |
||
| 942 |
_cBB _k660.2 HUG _2ddc |
||
| 999 |
_c3848 _d3848 |
||